000 00588nam a2200193Ii 4500
003 JO-AjNU
008 230605s9999||||xx |||||||||||||| ||und||
040 _aJO-AjNU
_bara
_erda
_cJO-AjNU
041 _aara
050 1 4 _aPJ7542 1971
100 3 _aأباظة، عزيز,
_eauthor
_940111
245 0 0 _aإشراقات السيرة الزكية: شعر
264 3 1 _aالقاهرة: مكتبة مصر، 1971
300 _a96ص
336 _atext
_btxt
_2rdacontent
337 _aunmediated
_bn
_2rdamedia
338 _avolume
_bnc
_2rdacarrier
650 4 _aالشعر العربي
_940112
999 _aA16995
_c20563
_d20563